Foundations of the theory of learning systems /

Guardado en:
Autor Principal: TSypkin, IA. Z.
Otros Autores: Nikolic, Z. J. (Traductor)
Formato: Libro
Idioma:English
Russian
Publicado: New York : Academic Press, 1973.
Series:Mathematics in science and engineering ; v. 101
Etiquetas: Agregar Etiqueta
Sin Etiquetas, Sea el primero en etiquetar este registro!
LEADER 00915cam a22002415 4500
001 MAT.inmabb002096
008 730828s1973####nyua#####b####001#0#eng#d
005 20170608115935.0
245 1 0 |a Foundations of the theory of learning systems /  |c Ya. Z. Tsypkin ; translated by Z. J. Nikolic. 
260 |a New York :  |b Academic Press,  |c 1973. 
300 |a xiii, 205 p. :  |b il. ;  |c 24 cm. 
440 0 |a Mathematics in science and engineering ;  |v v. 101 
500 |a Traducción de: Osnovy teorii obuchaiushchikhsia sistem. Moskva : "Nauka", 1970. 
504 |a Incluye referencias bibliográficas. 
510 4 |a MR,  |c 55 #7511 
020 |a 0127020608 
100 1 |a TSypkin, IA. Z.  |q (IAkov Zalmanovich) 
240 1 0 |a Osnovy teorii obuchaiushchikhsia sistem.  |l English 
700 1 |a Nikolic, Z. J.  |4 trl 
084 |a 93C40 (68T05)  |2 msc2000 
010 |a  72082655  
041 1 |a eng  |h rus 
859 |h 93  |i T882  |p A-3748  |b BIB. MATEMATICA